Visualizzazione normale
Vista MARC
- Last James
di Personal Name
Records bibliografici associati: 1
001 - CONTROL NUMBER
- control field: 9403
003 - CONTROL NUMBER IDENTIFIER
- control field: IT-RoPau
005 - DATE AND TIME OF LATEST TRANSACTION
- control field: 20140117213154.0
008 - FIXED-LENGTH DATA ELEMENTS
- fixed length control field: 140117|| aca||aabn | a|a d
040 ## - CATALOGING SOURCE
- Original cataloging agency: IT-RoPau
- Transcribing agency: IT-RoPau
100 ## - HEADING--PERSONAL NAME
- Personal name: Last James
- Relator term: Inteprete
- Miscellaneous information: Codice interprete SPICS: 10976
670 ## - SOURCE DATA FOUND
- Source citation: Work cat.: (IT-RoPau)99057: AA.VV. 794, Polka-Party